| 000 | 00817nam a22002057a 4500 | ||
|---|---|---|---|
| 008 | 251120b |||||||| |||| 00| 0 eng d | ||
| 020 | _a9781920095642 | ||
| 040 |
_aCUZ _beng _cCUZ _dCUZ _erda |
||
| 050 | _aJZ1250.CHA | ||
| 245 |
_aChallenges of conflict, democracy and development in Africa _cedited by Khabele Matlosa , Jorgen Elklit and Bertha Chiroro |
||
| 264 |
_aEconomic development _bEconomic development Africa _cDemocracy Africa |
||
| 300 | _aextent xiii,377pages | ||
| 336 |
_atext _btxt |
||
| 337 |
_aunmediated _bn |
||
| 338 | _2rdacarrier | ||
| 500 | _ainclude bibliography and index | ||
| 650 |
_aDemocracy Africa _aEconomic development _a Economic development Africa |
||
| 942 |
_cOS _i1250 _kJZ |
||
| 999 |
_c45461 _d45461 |
||